000 00810nas a2200265 4500
001 BR9200528
003 BR-BrBNA
005 20231205092252.0
007 ta
008 230509b bl.|||p| |||| 00| 00por d
040 _aBR-BrBNA
_bpor
_cBiblioteca Nacional de Agricultura
041 _a(Pt)
072 _aN20; F03
100 1 _aFolle, S.M.
100 1 _aRocha, F.E. de C.
100 1 _aFranz, C.A.B.
245 1 _aSemeadora com mecanismo tipo rotor com espiral
650 _aSEMENTE
650 _aEQUIPAMENTO AGRICOLA
650 _aSEMEADURA MECANICA
650 _aPRATICO
773 0 _tInforme Agropecuario - Empresa de Pesquisa Agropecuaria de Minas Gerais (Brazil)
_xISSN 0100-3364
_g(1991), v. 15(169) p. 31-32
_wBR9200528
909 _a202311
_bLúcia
_c55
_dLúcia Elande
942 _2AGRIS
_n0
_cANA
999 _c130556
_d130556